000 00932nam a2200289 i 4500
003 EG-GICUC
005 20260311114830.0
008 260311s1970 uk ||||fr|||| 001 0 eng d
040 _aEG-GiCUC
_beng
_cEG-GiCUC
_dEG-GiCUC
_eRda
082 0 4 _221
_a341.6
_bGO . G
092 0 4 _221
099 _aLaw1 11 341.6 GO . G 1970
100 1 _aGott, Richard
_eAuthor.
245 1 0 _aGuerrilla Movements in Latin America /
_b
_cRichard Gott.
_n
264 1 _aLondon :
_bNelson,
_c1970.
300 _a452page :
_billustration ;
_c 24 cm.
336 _2rda contenu
_a texte
337 _2rda medias
_aOrdinateur
338 _2 transporteur rda
_a Ressource en ligne
504 _aIncludes bibliographical references and index.
546 _aText in English
650 1 4 _aPublic international law
_2
651 1 _2
856 4 0 _uhttps://fll.law.cu.edu.eg/fulltext/bks/B11-08685.pdf
905 _a50
942 _2ddc
_cBK
_e21
_n0
999 _c66027
_d66027